Football Teams Toby Alderweireld Played For - Statistics

General Stats
  • This quiz has been taken 22 times
  • The average score is 5 of 7
Answer Stats
League Years Team % Correct
England 2015-2021 Tottenham Hotspur
100%
Netherlands 2009-2013 AFC Ajax
95%
Spain 2013-2014 Atlético de Madrid
95%
Netherlands 2008-2009 Jong Ajax
95%
Belgium 2022- Royal Antwerp FC
79%
England 2014-2015 Southampton FC
58%
Qatar 2021-2022 Al-Duhail SC
16%
No matching quizzes found
Score Distribution
Percent of People with Each Score
Percentile by Number Answered
Your Score History
You have not taken this quiz